000 00230nam a2200097Ia 4500
008 170619s9999 xx 000 0 und d
100 _aKATIYAR .A.K
245 0 _aENGINEERING PHYSICS
260 _bUNIVERSITY SCIENCE PRESS
260 _c2009
546 _aENGLISH
999 _c18937
_d18937